000 00288nam a2200109Ia 4500
008 180117s9999 xx 000 0 und d
245 _aThis Week in arts and Culture
260 _c2017
300 _a6-8 pages, 2017 August 20
440 _aPhilippine Panorama
650 _aARTS AND CULTURE
999 _c353432
_d353432